000 00458nam a2200181 a 4500
001 17190
005 20180713210309.0
008 140415s1995 mx 000 0 spa d
020 _a9688872776
041 _aspa
082 _a635.91
_bCOL
100 1 _aCOLBORN, NIGEL
245 1 0 _aGRANDES TRUCOS PARA PEQUEÑOS JARDINES
250 _a1a ed.
260 _aMEXICO :
_bG. GILI,
_c1995
300 _a144
650 1 4 _aJARDINERIA
_xJARDINES
999 _c17190
_d17190